| 000 | 00842nam a2200217Ia 4500 | ||
|---|---|---|---|
| 999 |
_c39062 _d39062 |
||
| 001 | 5605 | ||
| 003 | GE_BSU | ||
| 005 | 20190504160121.0 | ||
| 008 | 181216s1988||||ge |||||||||||||| ||geo|| | ||
| 040 | _cGE_BSU | ||
| 041 | _ageo | ||
| 080 | _a691(075.8) ბ-97 | ||
| 100 |
_aბურჭულაძე, შ. _9708 |
||
| 245 |
_aსაშენი მასალები : _bსახელმძღვ. / _cშ. ბურჭულაძე ; რედ. გ.გოგსაძე |
||
| 264 |
_aთბილისი : _bგანათლება, _c1988. |
||
| 300 |
_a287 გვ. : _bნახაზები ; _c22 სმ. |
||
| 504 | _aბიბლიოგრ. : გვ.285. | ||
| 653 | _aსაშენი მასალები | ||
| 700 |
_aგოგსაძე, გ. _eრედაქტორი _9709 |
||
| 942 |
_cBK _2udc |
||